书目信息 |
| 题名: |
土力学地基基础
|
|
| 作者: | 王铁行 , 冯志焱 主编 ;李辉 编写 | |
| 分册: | ||
| 出版信息: | 北京 中国电力出版社 2012.8 |
|
| 页数: | 332页 | |
| 开本: | 26cm | |
| 丛书名: | ||
| 单 册: | ||
| 中图分类: | TU43 , TU4 | |
| 科图分类: | ||
| 主题词: | 土力学--高等教育--教材 , 地基--基础(工程)--高等教育--教材 , 土力学 , 地基 , 基础(工程) | |
| 电子资源: | ||
| ISBN: | 978-7-5123-3385-7 | |
| 000 | 01157nam0 2200337 450 | |
| 001 | 0400003833 | |
| 005 | 20171026103648.81 | |
| 010 | @a978-7-5123-3385-7@dCNY38.00 | |
| 100 | @a20171022e20172012em y0chiy ea | |
| 101 | 0 | @achi |
| 102 | @aCN@b110000 | |
| 105 | @ay z 000yy | |
| 106 | @ar | |
| 200 | 1 | @a土力学地基基础@9tu li xue di ji ji chu@f王铁行,冯志焱主编@g李辉[等]编写 |
| 205 | @a第2版 | |
| 210 | @a北京@c中国电力出版社@d2012.8@h2017.2 | |
| 215 | @a332页@d26cm | |
| 300 | @a普通高等教育“十二五”规划教材 | |
| 330 | @a本书分为13章,包括土的物理性质及分类、土体渗流、土体中的应力、土的压缩性与地基沉降、土的抗剪强度、土压力与挡土墙、地基承载力、土坡稳定性分析、工程地质勘察、天然地基上的浅基础、桩基础、地基处理、基坑工程等内容。 | |
| 606 | 0 | @a土力学@x高等教育@j教材 |
| 606 | 0 | @a地基@x基础(工程)@x高等教育@j教材 |
| 606 | 0 | @a土力学 |
| 606 | 0 | @a地基 |
| 606 | 0 | @a基础(工程) |
| 690 | @aTU43@v5 | |
| 690 | @aTU4@v5 | |
| 701 | 0 | @a王铁行@9wang tie xing@4主编 |
| 701 | 0 | @a冯志焱@9feng zhi yan@4主编 |
| 702 | 0 | @a李辉@9li hui@c(工程施工)@4编写 |
| 801 | 0 | @aCN@b91MARC@c20171022 |
| 905 | @b1036441-5@dTU43@f5@e1271=2 | |
| 土力学地基基础/王铁行,冯志焱主编/李辉[等]编写.-第2版.-北京:中国电力出版社,2012.8(2017.2) |
| 332页;26cm |
| 普通高等教育“十二五”规划教材 |
| ISBN 978-7-5123-3385-7:CNY38.00 |
| 本书分为13章,包括土的物理性质及分类、土体渗流、土体中的应力、土的压缩性与地基沉降、土的抗剪强度、土压力与挡土墙、地基承载力、土坡稳定性分析、工程地质勘察、天然地基上的浅基础、桩基础、地基处理、基坑工程等内容。 |
| ● |
| 相关链接 |
|
|
|
|
正题名:土力学地基基础
索取号:TU43/1271=2
 
预约/预借
| 序号 | 登录号 | 条形码 | 馆藏地/架位号 | 状态 | 备注 |
| 1 | 1036441 | 210364416 | 第二样本阅览室/ [索取号:TU43/1271=2] | 在馆 | |
| 2 | 1036442 | 210364425 | 密集书库-生命科学系/ [索取号:TU43/1271=2] | 在馆 | |
| 3 | 1036443 | 210364434 | 第三借阅区/ [索取号:TU43/1271=2] | 在馆 | |
| 4 | 1036444 | 210364443 | 第三借阅区/ [索取号:TU43/1271=2] | 在馆 | |
| 5 | 1036445 | 210364452 | 第三借阅区/ [索取号:TU43/1271=2] | 在馆 |